Starlight Express Songs (1984) - Statistics

General Stats
  • This quiz has been taken 2 times
  • The average score is 23 of 26
Answer Stats
Act 1 % Correct
AC/DC
100%
A Lotta Locomotion
100%
Call Me Rusty
100%
C.B.
100%
Freight
100%
I Am The Starlight
100%
Light At The End Of The Tunnel
100%
No Comeback
100%
One Rock 'N' Roll Too Many
100%
Overture
100%
Poppa's Blues
100%
Pumping Iron
100%
Rolling Stock
100%
Rolling Stock - Reprise
100%
Starlight Express
100%
The Race
100%
The Rap
100%
There's Me
100%
U.N.C.O.U.P.L.E.D.
100%
Belle The Sleeping Car
50%
He Whistled At Me
50%
He Whistled At Me - Reprise
50%
Only He
50%
Only You
50%
Race: The Final
50%
Right Place, Right Time
50%
No matching quizzes found
Score Distribution
Percent of People with Each Score
Percentile by Number Answered
Your Score History
You have not taken this quiz